000 00691nam a2200229 a 4500
005 20210219152909.0
008 991125n 000 0 spa u
035 _aUPN01000066131
100 _aFAUNDEZ GARCIA, Paola
222 _aEDUCACION Y BIBLIOTECA :
_bREVISTA MENSUAL DE DOCUMENTACION Y RECURSOS DIDACTICOS
245 _aLas bibliotecas escolares : chile
260 _aMadrid, España
300 _a14-17
362 _a1994 Año 6, no. 47, may.
653 0 _aASOCIACIONES PROFESIONALES
653 0 _aBIBLIOTECAS
653 0 _aCHILE (PAIS)
653 0 _aFOMENTO A LA LECTURA
700 _aFAUNDEZ VALENZUELA, Mauricio, coaut.
904 _aAC
_b003942
905 _aArticulo
999 _c63319
_d63319